Kraje z jakimi przegrała Polska na MŚ w XXI w. - nagła śmierć - Statystyki

Ogólne statystyki
  • Ten quiz został rozwiązany 89 razy
  • Średni wynik to 5 z 8
Answers on the Grid
Answers color-coded by a green-red scale on the quiz's grid according to % correct below.
 
Statystyki odpowiedzi
Odpowiedź % Poprawnych
Argentyna
2022
77%
Francja
2022
73%
Kolumbia
2018
69%
Niemcy
2006
63%
Senegal
2018
63%
Portugalia
2002
61%
Korea Południowa
2002
59%
Ekwador
2006
52%
Nie znaleziono quizów pasujących do podanych kryteriów
Rozkład punktacji
Procent ludzi z każdym wynikiem
Percentyl według liczby udzielonych odpowiedzi
Twoja historia wyników
Nie rozwiązałeś tego quizu